Random Geography Question - 10 Question - Statistics

General Stats
  • This quiz has been taken 19 times
  • The average score is 6 of 10
Answer Stats
Question Answer % Correct
Which US State is farthest North Alaska
94%
Which of these is not a US state? Guam
82%
Which of these has the lowest amount of electoral votes Wyoming
76%
Which country is not fully surrounded by only one country Eswatini
65%
Which country is the farthest north (No overseas territories) Canada
59%
Which US State is farthest South Hawaii
59%
What country is the farthest south (No overseas territories) Chile
53%
Which 2 Countries border the most countries? Russia and China
47%
Which country has had a war for the longest time? Myanmar
41%
What country has the largest Camel population? Chad
24%
No matching quizzes found
Score Distribution
Percent of People with Each Score
Percentile by Number Answered
Your Score History
You have not taken this quiz